000 00423cam a2200169ua 4500
041 _aeng
_h
082 _a828.09
_b
100 _aNicoll, Allardyce .
245 _aHistory of English drama /
_cAllardyce Nicoll.
_hTextual Documents
260 _aLondon :
_bCambridge University Press ,
_c1965.
300 _a564 ; .
504 _a
942 _cBK
999 _c8917
_d8917